• 首页
  • 本馆介绍
  • 公告通知
  • 最新文献
  • 馆藏检索
  • 电子资源
  • 读者导购
  • 参考咨询
  • 我的图书馆
  • 登录
  • 详细信息显示
  • 放入我的书架
  • 预约/预借图书
  • 作者相关作品
  • 分类相关作品
  • 丛书相关作品
  • 出版社相关作品

书目信息

  • 表格格式
  • 工作单格式
  • 卡片格式
题名:
MATLAB数学实验与建模
    
 
作者: 张德丰 编著
分册:  
出版信息: 北京   清华大学出版社  2014.12
页数: 10,464页
开本: 26cm
丛书名:
单 册:
中图分类: O13-33
科图分类:
主题词: Matlab软件--应用--高等数学--实验
电子资源:
ISBN: 978-7-302-37789-4
000 00925nam0 2200253 450
001 0120151503796
005 20170418144256.31
010    @a978-7-302-37789-4@dCNY53.00
100    @a20150206d2014 em y0chiy50 ea
101 0  @achi
102    @aCN@b110000
105    @aak z 000yy
106    @ar
200 1  @aMATLAB数学实验与建模@9MATLABshu xue shi yan yu jian mo@f张德丰编著
205    @a2版
210    @a北京@c清华大学出版社@d2014.12
215    @a10,464页@c图@d26cm
330    @a本书共分10章,前9章主要介绍了MATLAB数学实验与建模基础知识、MATLAB软件编程基础、MATLAB绘制功能、MATLAB数值分析、MATLAB数学建模、MATLAB方程(组)的求解、MATLAB的优化设计等内容,第10章总结性地介绍了数学实验与建模的实际应用。
333    @a工程技术人员
606 0  @aMatlab软件@x应用@x高等数学@x实验
690    @aO13-33@v5
701  0 @a张德丰@9zhang de feng@4编著
801  0 @aCN@b人天书店@c20150205
905    @b985362-65@dO13-33@e600=2@f4
    
    MATLAB数学实验与建模/张德丰编著.-2版.-北京:清华大学出版社,2014.12
    10,464页:图;26cm
    使用对象:工程技术人员
    
    ISBN 978-7-302-37789-4:CNY53.00
    本书共分10章,前9章主要介绍了MATLAB数学实验与建模基础知识、MATLAB软件编程基础、MATLAB绘制功能、MATLAB数值分析、MATLAB数学建模、MATLAB方程(组)的求解、MATLAB的优化设计等内容,第10章总结性地介绍了数学实验与建模的实际应用。
●
相关链接 在E读中查询图书 在五车中查询图书 在当当中查询图书 在豆瓣中查询图书


正题名:MATLAB数学实验与建模     索取号:O13-33/600=2         预约/预借

序号 登录号 条形码 馆藏地/架位号 状态 备注
1 985362   209853620   第二样本阅览室/ [索取号:O13-33/600=2] 在馆    
2 985363   209853639   第三借阅区/ [索取号:O13-33/600=2] 在馆    
3 985364   209853648   第三借阅区/ [索取号:O13-33/600=2] 在馆    
4 985365   209853657   密集书库-数信学院/ [索取号:O13-33/600=2] 在馆    
唐山师范学院图书馆 欢迎您!
大连网信软件有限公司© 版权所有